Transportation and communications: economics, management, and regulation / (Record no. 85614)
[ view plain ]
| 000 -LEADER | |
|---|---|
| fixed length control field | 00866nam a2200265 a 4500 |
| 001 - CONTROL NUMBER | |
| control field | 85614 |
| 003 - CONTROL NUMBER IDENTIFIER | |
| rucl marc code | BD-RjUL |
| 005 - DATE AND TIME OF LATEST TRANSACTION | |
| control field | 20250902125028.0 |
| 008 - FIXED-LENGTH DATA ELEMENTS--GENERAL INFORMATION | |
| fixed length control field | 250902s1954 nyua 000 0 eng |
| 035 ## - SYSTEM CONTROL NUMBER | |
| System control number | (BD-RjUL)85614 |
| 040 ## - CATALOGING SOURCE | |
| Original cataloging agency | DLC |
| Transcribing agency | ODaWU |
| Modifying agency | OCoLC |
| -- | DLC |
| -- | BD-RjUL |
| Language of cataloging | eng |
| 041 ## - LANGUAGE CODE | |
| Language code of text/sound track or separate title | eng |
| 082 ## - DEWEY DECIMAL CLASSIFICATION NUMBER | |
| Classification number | 385 |
| Author mark and year | WIT 1954 |
| 100 1# - MAIN ENTRY--PERSONAL NAME | |
| Personal name | Wilson, G. Lloyd |
| Fuller form of name | (George Lloyd), |
| Dates associated with a name | 1896-1956. |
| 9 (RLIN) | 16730 |
| 245 10 - TITLE STATEMENT | |
| Title | Transportation and communications: economics, management, and regulation / |
| Statement of responsibility, etc. | G. Lloyd Wilson. |
| 260 ## - PUBLICATION, DISTRIBUTION, ETC. (IMPRINT) | |
| Place of publication, distribution, etc. | New York : |
| Name of publisher, distributor, etc. | Appleton-Century-Crofts, |
| Date of publication, distribution, etc. | 1954 |
| 300 ## - PHYSICAL DESCRIPTION | |
| Pagination | 757 p. |
| Illustrations | illus. |
| Size | 25 cm. |
| 336 ## - CONTENT TYPE | |
| Content type term | text |
| Content type code | txt |
| Source | rdacontent |
| 337 ## - MEDIA TYPE | |
| Media type term | unmediated |
| Media type code | n |
| Source | rdamedia |
| 338 ## - CARRIER TYPE | |
| Carrier type term | volume |
| Carrier type code | nc |
| Source | rdacarrier |
| 650 #0 - SUBJECT ADDED ENTRY--TOPICAL TERM | |
| Topical term or geographic name as entry element | Transportation |
| Geographic subdivision | United States. |
| 9 (RLIN) | 16731 |
| Topical term or geographic name as entry element | Telecommunication |
| Geographic subdivision | United States. |
| 9 (RLIN) | 16732 |
| 942 ## - ADDED ENTRY ELEMENTS (KOHA) | |
| Source of classification or shelving scheme | Dewey Decimal Classification |
| Koha item type | Books |
| Lost status | Source of classification or shelving scheme | Damaged status | Not for loan | Collection code | Permanent Location | Current Location | Shelving location | Date acquired | Total Checkouts | Full call number | Date last seen | Copy number | Koha item type |
|---|---|---|---|---|---|---|---|---|---|---|---|---|---|
| Dewey Decimal Classification | Not For Loan | Non-fiction | Central Library, University of Rajshahi | Central Library, University of Rajshahi | Reading Room | 02/09/2025 | 385 WIT 1954 | 02/09/2025 | C-1 | Books |